BRE135 (Record no. 106873)

MARC details
000 -LEADER
fixed length control field 00825cam a22002055a 4500
001 - CONTROL NUMBER
control field L137692
008 - FIXED-LENGTH DATA ELEMENTS--GENERAL INFORMATION
fixed length control field 070424s2007 xxkdo f 000 0 eng d
020 ## - INTERNATIONAL STANDARD BOOK NUMBER
International Standard Book Number 9781860819599
035 ## - SYSTEM CONTROL NUMBER
System control number (Sirsi) u137692
041 0# - LANGUAGE CODE
Language code of text/sound track or separate title eng
050 04 - LIBRARY OF CONGRESS CALL NUMBER
Classification number 693.82 $2 18
100 1# - MAIN ENTRY--PERSONAL NAME
Personal name Colwell, Sarah
245 00 - TITLE STATEMENT
Title BRE135
Remainder of title Annex B
-- performance criteria and classification method for BS 8414-2: 2005
260 ## - PUBLICATION, DISTRIBUTION, ETC.
Place of publication, distribution, etc. Watford
Name of publisher, distributor, etc. BRE
Date of publication, distribution, etc. 2007
300 ## - PHYSICAL DESCRIPTION
Extent 4p.
Dimensions 30cm.
520 ## - SUMMARY, ETC.
Summary, etc. Provides a classification for the test methodology outlined in BS8414-2:2005 Fire performance of external cladding systems - Part 2: Test method for non-loadbearing external cladding systems fixed to and supported by a structural steel frame.
651 #4 - SUBJECT ADDED ENTRY--GEOGRAPHIC NAME
Geographic name United Kingdom
Chronological subdivision
690 ## - LOCAL SUBJECT ADDED ENTRY--TOPICAL TERM (OCLC, RLIN)
Topical term or geographic name as entry element MANAGEMENT-HEALTH AND SAFETY-FIRE SAFETY-FIRE SAFETY ENGINEERING
942 ## - ADDED ENTRY ELEMENTS (KOHA)
Suppress in OPAC 0
Holdings
Withdrawn status Lost status Source of classification or shelving scheme Damaged status Not for loan Home library Current library Shelving location Date acquired Total Checkouts Full call number Barcode Date last seen Copy number Price effective from Koha item type
    Dewey Decimal Classification     London London Pamphlets 22/08/2007   P693.82 COL 30073795 06/08/2019 1 06/08/2019 Book